000 00382nam a2200133Ia 4500
008 220204s9999 xx 000 0 und d
082 _a631.432
_bMAR
100 _aMARSHALL, T J
245 0 _aRelations between water and soil.
260 _aEngland
_bCAB
_c1959
490 _aCommonwealth Bureau of soils, technical communication; 50
650 _aSoil water relations
942 _cBK
999 _c21010
_d21010